[Event "SWE-chT2 1112"]
[Site "Sweden"]
[Date "2011.10.23"]
[Round "2"]
[White "Rolen, Magnus"]
[Black "Dolgov, Mikhail"]
[Result "1-0"]
[WhiteElo "2069"]
[BlackElo "2016"]
[PlyCount "69"]
[EventDate "2011.10.22"]
[EventType "team-tourn"]
[EventRounds "9"]
[EventCountry "SWE"]
[SourceTitle "EXT 2013"]
[Source "ChessBase"]
[SourceDate "2012.11.22"]
[SourceVersion "1"]
[SourceVersionDate "2012.11.22"]
[SourceQuality "1"]
[WhiteTeam "Lulea"]
[BlackTeam "Rodeby"]
[WhiteTeamCountry "SWE"]
[BlackTeamCountry "SWE"]

1. Nc3 Nf6 2. e4 e5 3. f4 d5 4. fxe5 Nxe4 5. Nf3 Nc6 6. Bb5 Nxc3 7. dxc3 Be7 8. Bf4 Bg4 9. Qd3 Qd7 10. 0-0-0 Rd8 11. Qe3 0-0 12. h3 Be6 13. Kb1 a6 14. Bd3 b5 15. g4 Na5 16. Ng5 Nc4 17. Qe2 c5 18. Nxh7 Rfe8 19. Ng5 Rb8 20. Nxe6 Qxe6 21. Bf5 Qc6 22. e6 Bd6 23. exf7+ Kxf7 24. Qf2 b4 25. Bxd6 Qxd6 26. Rxd5 Re2 27. Qxe2 Qxd5 28. Rd1 bxc3 29. Rxd5 Na3+ 30. Kc1 cxb2+ 31. Kd2 b1Q 32. Be6+ Ke8 33. Bc8+ Kf8 34. Rd8+ Kf7 35. Qe6# 1-0

[Event "SWE-chT2 1112"]
[Site "Sweden"]
[Date "2011.10.22"]
[Round "1"]
[White "Krupenski, Juri"]
[Black "Rolen, Magnus"]
[Result "1-0"]
[WhiteElo "2252"]
[BlackElo "2069"]
[PlyCount "61"]
[EventDate "2011.10.22"]
[EventType "team-tourn"]
[EventRounds "9"]
[EventCountry "SWE"]
[SourceTitle "EXT 2013"]
[Source "ChessBase"]
[SourceDate "2012.11.22"]
[SourceVersion "1"]
[SourceVersionDate "2012.11.22"]
[SourceQuality "1"]
[WhiteTeam "Burgsvik Alva"]
[BlackTeam "Lulea"]
[WhiteTeamCountry "SWE"]
[BlackTeamCountry "SWE"]

1. d4 c5 2. d5 e6 3. c4 exd5 4. cxd5 d6 5. Nc3 g6 6. Nf3 a6 7. a4 Bg7 8. Nd2 Nd7 9. e4 Ne7 10. Be2 0-0 11. Qb3 Kh8 12. Nc4 Ne5 13. Nb6 Rb8 14. f4 c4 15. Nxc4 Nxc4 16. Qxc4 f5 17. 0-0 fxe4 18. g4 b5 19. axb5 axb5 20. Qxe4 b4 21. Nd1 Re8 22. Qd3 Bb7 23. Bf3 Ra8 24. Rxa8 Qxa8 25. Re1 Rc8 26. Rxe7 Rxc1 27. Qb5 Bd4+ 28. Kg2 Rc2+ 29. Kg3 Ba6 30. Re8+ Kg7 31. Qd7+ 1-0

[Event "SWE-chT 0809"]
[Site "Sweden"]
[Date "2008.12.07"]
[Round "5"]
[White "Rolen, Magnus"]
[Black "Lissang, Christopher"]
[Result "0-1"]
[WhiteElo "2164"]
[BlackElo "2333"]
[PlyCount "72"]
[EventDate "2008.10.25"]
[EventType "team-tourn"]
[EventRounds "11"]
[EventCountry "SWE"]
[SourceTitle "EXT 2011"]
[Source "ChessBase"]
[SourceDate "2010.11.26"]
[SourceVersion "1"]
[SourceVersionDate "2010.11.26"]
[SourceQuality "1"]

1. e4 c5 2. Nc3 a6 3. g3 b5 4. Bg2 Bb7 5. Nge2 Nf6 6. d3 e6 7. 0-0 d5 8. exd5 Nxd5 9. Nxd5 Bxd5 10. Bxd5 Qxd5 11. Nc3 Qd7 12. a4 b4 13. Ne4 Nc6 14. b3 Be7 15. Bb2 0-0 16. Qg4 Nd4 17. Bxd4 Qxd4 18. Qe2 Rae8 19. Kh1 Qd5 20. f3 f5 21. Nd2 Bf6 22. Rad1 Bd4 23. Qg2 g6 24. Nc4 e5 25. Rde1 Re6 26. Re2 Rfe8 27. Ne3 Qd7 28. Nc4 Qe7 29. g4 Kh8 30. gxf5 gxf5 31. Qh3 Rg6 32. Rg2 Rxg2 33. Qxg2 Rg8 34. Qe2 Qg5 35. h3 Qh4 36. Qh2 Rg3 0-1

[Event "SWE-chT2 0708"]
[Site "Sweden"]
[Date "2008.03.08"]
[Round "8"]
[White "Rolen, Magnus"]
[Black "Berglund, Nils Erik"]
[Result "1-0"]
[WhiteElo "2199"]
[BlackElo "1998"]
[PlyCount "80"]
[EventDate "2007.10.20"]
[EventType "team-tourn"]
[EventRounds "9"]
[EventCountry "SWE"]
[SourceTitle "EXT 2009"]
[Source "ChessBase"]
[SourceDate "2008.11.26"]
[SourceVersion "1"]
[SourceVersionDate "2008.11.26"]
[SourceQuality "1"]
[WhiteTeam "Orgryte"]
[BlackTeam "Upsala II"]
[WhiteTeamCountry "SWE"]
[BlackTeamCountry "SWE"]

1. Nc3 d5 2. e4 e6 3. d4 Bb4 4. exd5 exd5 5. Bd3 Ne7 6. Qf3 Nbc6 7. Nge2 Be6 8. a3 Bd6 9. Nb5 Ng6 10. 0-0 Nce7 11. Bd2 c6 12. Nxd6+ Qxd6 13. Rfe1 0-0 14. Ng3 Qd7 15. h3 h6 16. Nh5 Kh7 17. c3 Bf5 18. Re2 Bxd3 19. Qxd3 Qf5 20. Qxf5 Nxf5 21. Rae1 Nd6 22. Bf4 Nxf4 23. Nxf4 Rfe8 24. Nd3 Rxe2 25. Rxe2 Re8 26. Rxe8 Nxe8 27. f3 Nd6 28. Kf2 Kg6 29. g4 Kf6 30. a4 g5 31. b3 Ke7 32. Ke3 b6 33. Ne5 c5 34. Nc6+ Kd7 35. Nxa7 c4 36. b4 Kc7 37. b5 Kb7 38. Nc6 f6 39. Nb4 f5 40. Nxd5 f4+ 1-0

[Event "SWE-chT 0506"]
[Site "Sweden"]
[Date "2005.??.??"]
[Round "4"]
[White "Rolen, Magnus"]
[Black "Engqvist, Thomas"]
[Result "0-1"]
[WhiteElo "2174"]
[BlackElo "2429"]
[PlyCount "157"]
[EventDate "2005.10.??"]
[EventType "team-tourn"]
[EventRounds "11"]
[EventCountry "SWE"]
[SourceTitle "EXT 2008"]
[Source "ChessBase"]
[SourceDate "2007.11.25"]
[SourceVersion "1"]
[SourceVersionDate "2007.11.25"]
[SourceQuality "1"]
[WhiteTeam "Lulea"]
[BlackTeam "Stockholm Rockaden"]
[WhiteTeamCountry "SWE"]
[BlackTeamCountry "SWE"]

1. Nc3 d5 2. e4 c6 3. Qf3 dxe4 4. Nxe4 Nd7 5. d4 Ndf6 6. c3 Nxe4 7. Qxe4 Nf6 8. Qc2 Bg4 9. Ne2 Bh5 10. Nf4 Bg6 11. Nxg6 hxg6 12. Qb3 Qc7 13. g3 e6 14. Bf4 Qb6 15. Bg2 Qa6 16. Bf1 Qb6 17. Bg2 0-0-0 18. Qxb6 axb6 19. h3 Nd5 20. Bd2 Be7 21. a4 Kc7 22. 0-0 Ra8 23. b3 Rhd8 24. Rad1 Rd7 25. c4 Nf6 26. Bf4+ Bd6 27. Bg5 Rad8 28. Rd3 Bc5 29. d5 exd5 30. cxd5 cxd5 31. Rc1 Kb8 32. Rcd1 d4 33. Bf4+ Ka7 34. Be5 Ne8 35. b4 Bxb4 36. Rxd4 Rxd4 37. Rxd4 Rxd4 38. Bxd4 Bc5 39. Bc3 g5 40. Bd5 f6 41. Kg2 b5 42. axb5 Nc7 43. Bc4 Kb6 44. Bd2 Nxb5 45. f4 gxf4 46. Bxf4 Nd4 47. h4 Kc6 48. Kh3 Bd6 49. Be3 Nf5 50. Bf2 Bc5 51. Be1 Ne3 52. Bd3 b5 53. g4 b4 54. g5 fxg5 55. hxg5 Kd5 56. Bd2 Nc4 57. Be1 b3 58. Bc3 Bd4 59. Bb4 Ne5 60. Bb1 Kc4 61. Bf8 Nd7 62. Ba3 Nc5 63. Kg4 Na4 64. Bf8 Nc3 65. Bf5 Nd5 66. Kh5 b2 67. Kg6 Nf4+ 68. Kf7 Nd3 69. Be6+ Kc3 70. Ba2 Kc2 71. Bxg7 Bxg7 72. Kxg7 Nb4 73. g6 Nxa2 74. Kh8 b1Q 75. g7 Qh1+ 76. Kg8 Nc3 77. Kf7 Qh7 78. Kf8 Nd5 79. g8N 0-1

[Event "SWE-chT 0506"]
[Site "Sweden"]
[Date "2005.??.??"]
[Round "3"]
[White "Rolen, Magnus"]
[Black "Holst, Conny"]
[Result "0-1"]
[WhiteElo "2174"]
[BlackElo "2249"]
[PlyCount "82"]
[EventDate "2005.10.??"]
[EventType "team-tourn"]
[EventRounds "11"]
[EventCountry "SWE"]
[SourceTitle "EXT 2008"]
[Source "ChessBase"]
[SourceDate "2007.11.25"]
[SourceVersion "1"]
[SourceVersionDate "2007.11.25"]
[SourceQuality "1"]
[WhiteTeam "Lulea"]
[BlackTeam "Limhamn"]
[WhiteTeamCountry "SWE"]
[BlackTeamCountry "SWE"]

1. Nc3 c5 2. e4 d6 3. Bb5+ Bd7 4. Bxd7+ Qxd7 5. Nf3 Nc6 6. b3 g6 7. Bb2 Bg7 8. 0-0 Nd4 9. Nxd4 Bxd4 10. Na4 Bxb2 11. Nxb2 Nf6 12. Qe2 0-0 13. f4 Qc6 14. d3 e6 15. Qf2 Ng4 16. Qg3 f5 17. Rae1 Rae8 18. a4 d5 19. e5 a6 20. h3 Nh6 21. Qh4 Nf7 22. g4 b5 23. gxf5 exf5 24. Qf2 Nd8 25. axb5 axb5 26. Ra1 Ne6 27. Nd1 d4 28. Qh4 Rf7 29. Nf2 h6 30. Kh2 g5 31. Rg1 Qf3 32. fxg5 hxg5 33. Qg3 Qe2 34. Ra2 Rh7 35. Rg2 f4 36. Qg4 f3 37. Ra8 Qxe5+ 38. Rg3 Rxa8 39. Qxf3 Rf8 40. Qg2 Qe2 41. Ne4 Qxg2+ 0-1